000 00494nam a2200181Ia 4500
001 25230
005 20260414151136.0
008 260414t2020||||xx |||||||||||||| ||spa||
041 _aESP
082 _a346.4
_bT74
100 _aTorres Carrasco, Manuel Alberto
_eAUT
245 0 _aLos derechos reales en los plenos casatorios y estudios sobre el desalojo notarial
_b
260 _c2020
300 _a269 páginas :
_c25 cm.
650 _aDER
654 _aCDE
942 _cLIB
_dJUS
_fJUS
_2ddc
_n
999 _c25230
_d25230